University Home | Library Home | Institutional Repository

Mirage (Record no. 132717)

MARC details
000 -LEADER
fixed length control field 00767cam1a220024100 4500
001 - CONTROL NUMBER
control field tmp15799087
003 - CONTROL NUMBER IDENTIFIER
control field UPRA
005 - DATE AND TIME OF LATEST TRANSACTION
control field 20190822112059.0
007 - PHYSICAL DESCRIPTION FIXED FIELD--GENERAL INFORMATION
fixed length control field sdubmmennmpune
008 - FIXED-LENGTH DATA ELEMENTS--GENERAL INFORMATION
fixed length control field 951101s1977 nyu u
028 02 - PUBLISHER OR DISTRIBUTOR NUMBER
Publisher or distributor number NW 216 New World Records
Source NW 216 New World Records
035 ## - SYSTEM CONTROL NUMBER
System control number (Sirsi) r51341
035 ## - SYSTEM CONTROL NUMBER
System control number (UPRA)tmp15799087
040 ## - CATALOGING SOURCE
Transcribing agency UPRA
041 0# - LANGUAGE CODE
Language code of accompanying material other than librettos eng
245 00 - TITLE STATEMENT
Title Mirage
Medium [sound recording] :
Remainder of title avant-garde and third-stream jazz.
260 ## - PUBLICATION, DISTRIBUTION, ETC.
Place of publication, distribution, etc. New York :
Name of publisher, distributor, etc. New World Records,
Date of publication, distribution, etc. 1977.
500 ## - GENERAL NOTE
General note Notes, 2 p., by Gunther Schuller inside sleeve.
504 ## - BIBLIOGRAPHY, ETC. NOTE
Bibliography, etc. note Notes including discography and bibliography on rear of sleeve.
650 #0 - SUBJECT ADDED ENTRY--TOPICAL TERM
Topical term or geographic name entry element Jazz.
Linkage S6235.1
949 ## - LOCAL PROCESSING INFORMATION (OCLC)
a M1630.18
w lcc
i -65089
m MAIN
t BOOK
l ON-SHELF

No items available.

© 2026 - The University of Zambia Library - Koha v25.11